000 00646nam a2200229Ia 4500
003 OSt
005 20220918210944.0
006 a|||||r|||| 00| 0
007 ta
008 220917b |||||||| |||| 00| 0 eng d
024 _a122,762
037 _cTextual
040 _aARTS
_cARTS
_beng
041 _2eng
_aeng
082 _aWxM66:9, G7
100 _aLinebarger Paul Myron Anthony
_9107738
245 0 _aPolitical doctrines of Sun Yat-Sen
_b an exposition of the San Min Chu I
260 _c1937
650 _aPOLITICAL SCIENCE
942 _hWxM66:9, G7
_cTEXL
_2CC
999 _c245951
_d245951